000 00680nam a2200253Ia 4500
003 OSt
005 20220918163356.0
006 a|||||r|||| 00| 0
007 ta
008 220917b |||||||| |||| 00| 0 eng d
020 _a0 7045 3014 7
024 _a251,573
037 _cTextual
040 _aARTS
_cARTS
_beng
041 _2eng
_aeng
082 _aY7(G:66)0aS:12, L9
100 _aBateson Gregory
_912814
245 0 _aMind and nature
_b A necessary unity
260 _aLondon
_bWildwood House UK
_c1979
300 _a238p.
_ccm.
650 _aSOCIOLOGY
942 _hY7(G:66)0aS:12, L9
_cTEXL
_2CC
999 _c119237
_d119237